De la Fe a la ideología

Uloženo v:
Podrobná bibliografie
Hlavní autor: Moreno Valencia, Fernando (autor)
Médium: Kniha
Jazyk:španělština
Vydáno: Santiago Universidad Católica de Chile 1989
Vydání:1a. ed
Edice:Fe y Doctrina
Témata:
Tagy: Přidat tag
Žádné tagy, Buďte první, kdo vytvoří štítek k tomuto záznamu!

MARC

LEADER 00000nam a2200000 a 4500
001 UCJ2926
003 CL-VaPUC
008 070119e19890400CL |||||||||||||||||spa|d
020 |a 9561402296 
082 0 4 |a 230.0464  |b MOR  |2 21 
100 |a Moreno Valencia, Fernando  |e autor  |9 503994 
245 1 0 |a De la Fe a la ideología 
250 |a 1a. ed 
300 |a 219 p 
942 |c BK 
945 |d 20070119 00:00:00  |a lvergara 
260 |a Santiago  |b Universidad Católica de Chile  |c 1989 
500 |a Donación de la Dra. Marianne Peronard Thierry 
650 0 |a Moral social   |9 310700 
650 0 |a Teología de la liberación   |9 255471 
650 0 |a Teología cristiana  |9 308336 
650 0 |a Teología social  |9 326726 
650 0 |a Iglesia católica y problemas sociales   |9 255796 
650 0 |a Teología   |9 258766 
583 |a last modification  |c 20070119 00:00:00  |k Rodrigo Vera 
490 0 |a Fe y Doctrina 
999 |c 319054  |d 319052 
952 |0 0  |1 0  |4 0  |6 230_046400000000000_MOR_1989  |7 0  |8 A  |9 397289  |a BIBTEO  |b BIBTEO  |d 2019-11-22  |i 4243978  |o 230.0464 MOR 1989  |p 4243978  |r 2025-01-17  |w 2019-11-22  |y BK  |k ICR